| 000 | 01177nac a22003617a 4500 | ||
|---|---|---|---|
| 001 | BR2014002499 | ||
| 003 | BR-BrBNA | ||
| 005 | 20240105124012.0 | ||
| 008 | 230509b bl.|||m| |||| 00| 0 por d | ||
| 040 |
_aBR-BrBNA _bpor _cBiblioteca Nacional de Agricultura |
||
| 072 | _aP10; P31; U40 | ||
| 090 | _aP10 BR2014002499 | ||
| 100 | 1 | _aSena-Souza, J.P. | |
| 100 | 1 | _aMartins, E. de S. | |
| 100 | 1 | _aCouto Júnior, A.F. | |
| 100 | 1 | _aReatto, A. | |
| 100 | 1 | _aVasconcelos, V. | |
| 100 | 1 | _aGomes, M.P. | |
| 100 | 1 | _aCarvalho Júnior, O.A.de | |
| 100 | 1 | _aReis, A.M. | |
| 110 | 1 | _aEMBRAPA Cerrados, Planaltina, DF (Brasil) | |
| 245 | 1 | _aMapeamento geomorfológico da bacia hidrográfica do rio São Bartolomeu, escala 1:100.000 | |
| 260 | 3 |
_aPlanaltina, DF (Brasil): _c2013. |
|
| 300 | _a39 p. | ||
| 490 |
_aBoletim de Pesquisa e Desenvolvimento - EMBRAPA Cerrados (Brazil) _vno. 314 _xISSN 1676-918X |
||
| 500 | _aSummaries (En, Pt); 40 ref.; 17 illus. | ||
| 650 | _aGEOMORFOLOGIA | ||
| 650 | _aSENSORIAMENTO REMOTO | ||
| 650 | _aBACIA HIDROGRÁFICA | ||
| 650 | _aCERRADO | ||
| 909 |
_a202312 _bLúcia Elande _c55 _dLúcia Elande |
||
| 942 |
_2AGRIS _n0 _cMS |
||
| 999 |
_c297931 _d297931 |
||